A Moon Shaped Pool Tracklist (Radiohead) - Statistics

General Stats
  • This quiz has been taken 12 times
  • The average score is 8 of 11
Answer Stats
Hint Answer % Correct
1 Burn The Witch
100%
5 Ful Stop
90%
11 True Love Waits
80%
2 Day Dreaming
70%
3 Decks Dark
70%
6 Glass Eyes
70%
10 Tinker Tailor Soldier Sailor Rich Man Poor Man Beggar Man Thief
70%
4 Desert Island Disk
60%
7 Identikit
60%
9 Present Tense
60%
8 The Numbers
50%
No matching quizzes found
Score Distribution
Percent of People with Each Score
Percentile by Number Answered
Your Score History
You have not taken this quiz